| 000 | 01006nam a22003137a 4500 | ||
|---|---|---|---|
| 003 | CHAP | ||
| 005 | 20220329140557.0 | ||
| 008 | 971013s1979 r 10010 d | ||
| 010 | _a54217 | ||
| 011 | _a55189 | ||
| 035 | _a59341 | ||
| 040 | _cCHAP | ||
| 082 |
_a368.123 _bS4 |
||
| 111 | 0 | 0 |
_aSeminario del Seguro Agropecuario y Vida Campesina ( _n1 _d: 1978 _c: Oaxtepec, Mor.) _9104098 |
| 245 | _aMemoria | ||
| 260 |
_a(s.l.) : _b(s.e.), _c(1979?) |
||
| 300 |
_a(s.p.) _b: ilus. |
||
| 490 |
_aSerie técnica. Folleto _v; 3 |
||
| 590 |
_aBATCH-UPD _b10 _c20130110 _lUCH01 _h0645 |
||
| 590 |
_aBATCH-UPD _b10 _c20130410 _lUCH01 _h0329 |
||
| 590 |
_aBATCH-UPD _b10 _c20130914 _lUCH01 _h2017 |
||
| 590 |
_aCONVERSION _b10 _c20130109 _lUCH01 _h1329 |
||
| 650 | 1 | 4 |
_aSeguro agrícola _xMéxico. _9103708 |
| 650 | 1 | 4 |
_aSeguro ganadero _xMéxico. _9103727 |
| 830 | 0 | 0 |
_aSerie técnica. Folleto _v; 3 _9105063 |
| 901 | _aBK | ||
| 942 | _cLIBRO | ||
| 949 |
_a368.123 S4 _bBC _cLIBRO _d33724000376232 _eLIBRO _h47306 _i59341 _si |
||
| 999 |
_c54217 _d54217 |
||